| 000 | 00405nam a2200145Ia 4500 | ||
|---|---|---|---|
| 008 | 231217s9999 xx 000 0 und d | ||
| 041 | _aEnglish | ||
| 082 | _a347.052 HUS ;1 R | ||
| 100 | _aHussain, Azmal ed. | ||
| 245 | 0 | _aCombating water borne discases : a global perspective | |
| 260 |
_c2008 _bIcfai _aHyderabad |
||
| 300 | _avi, 222 | ||
| 650 | _aCombating,borne,discases,global | ||
| 942 | _cAA | ||
| 999 |
_c189153 _d189153 |
||